000 00563nam a22001937a 4500
003 BD-ChCU
005 20260506132634.0
008 260506b nyu ||||| |||| 00| 0 eng d
020 _a0198238347
040 _cBD-ChCU
082 _223
_a170.92 H645r
100 _aHill, Thomas E.
_922525
245 _aRespect pluralism and justice :
_bkantian perspectives /
_cThomas E Hill.
260 _aNew York :
_bOxford University Press,
_c2000
300 _a296 P. :
504 _aincludes.
650 0 _aBiography-kantimmanuel ; Biography.
_922527
942 _2ddc
_cBK
_n0
999 _c112742
_d112742